Maiores Jogadores da Seleção de Futebol do Brasil - Statistics

Estatísticas Gerais
  • Esse quiz foi jogado 103 vezes
  • A pontuação média é 37 de 100
Estatísticas das Respostas
Hint Resposta % Correto
R Ronaldo
98%
P Pelé
95%
N Neymar
93%
R Romário
90%
C Cafu
87%
R Rivaldo
81%
K Kaká
78%
R Roberto Carlos
78%
R Ronaldinho Gaúcho
78%
G Garrincha
77%
Z Zico
77%
T Taffarel
71%
D Dida
70%
T Thiago Silva
70%
B Bebeto
69%
J Jairzinho
64%
L Lúcio
64%
M Marcos
64%
S Sócrates
63%
A Adriano
54%
R Rogério Ceni
54%
C Carlos Alberto
53%
C Coutinho
52%
D Dunga
52%
Z Zagallo
52%
C Casemiro
51%
D Didi
48%
J Júnior
48%
R Rivellino
48%
A Alex
46%
L Leão
46%
V Vavá
46%
T Tostão
45%
V Vampeta
45%
E Edmundo
42%
F Fred
42%
G Gérson
40%
O Oscar
40%
G Gilberto Silva
39%
P Pepe
39%
Z Zinho
39%
F Falcão
37%
R Raí
37%
R Roberto Dinamite
37%
C Careca
36%
J Juninho Pernambucano
36%
L Leandro
35%
B Branco
34%
D Denílson
34%
N Nílton Santos
34%
Z Zito
34%
L Leônidas da Silva
33%
R Renato Gaúcho
33%
A Ademir da Guia
31%
L Luizão
30%
V Vinícius Jr.
30%
G Gilmar
29%
A Aldair
28%
R Ricardinho
28%
D Djalma Santos
27%
J Juninho Paulista
27%
N Neto
27%
Z Zizinho
27%
B Bellini
25%
L Leonardo
25%
M Marcelinho Carioca
25%
S Serginho Chulapa
25%
M Müller
24%
R Reinaldo
24%
C Casagrande
23%
C Clodoaldo
22%
D Djalminha
22%
M Mauro Galvão
22%
M Mauro Silva
22%
T Toninho Cerezo
22%
J Jorginho
19%
D Domingos da Guia
17%
M Mazinho
16%
R Rodrygo
16%
D Dário
14%
P Piazza
14%
E Evair
13%
M Mauro Ramos
11%
A Ademir de Menezes
10%
G Gabigol
10%
H Heleno de Freitas
10%
J Jardel
10%
P Paulo Cézar Caju
10%
L Luís Pereira
7%
N Nelinho
7%
D Dirceu Lopes
6%
E Éder Aleixo
6%
F Friedenreich
6%
J Julinho
6%
M Marinho Chagas
6%
M Mazzola
6%
E Evaristo de Macedo
5%
G Giovanni
5%
J Jair Rosa
5%
F Fernandão
4%
Nenhum quiz correspondente encontrado
Distribuição das Pontuações
Porcentagem de Pessoas com Cada Pontuação
Percentil de Números Respondidos
Sua Pontuação Histórica
Você não jogou esse quiz